| 000 | 00414cam a2200169ua 4500 | ||
|---|---|---|---|
| 020 | _c25.00 | ||
| 041 |
_aeng _h |
||
| 082 |
_a828.09 _bWIL/SE |
||
| 100 | _aWiley, Basil . | ||
| 245 |
_aSeventeenth century background / _cBasil Wiley. _hTextual Documents |
||
| 260 |
_aLondon : _bChatto and Windus , _c1962. |
||
| 300 | _a315 ; . | ||
| 365 | _a25.00 | ||
| 504 | _a | ||
| 942 | _cBK | ||
| 999 |
_c4674 _d4674 |
||